000 02503nam a22003617a 4500
001 104390
003 KnowledgeUnlatched
005 20210303104944.0
006 m o d
007 cr u||||||||||
008 210129p20132020xx o u00| u eng d
037 _5BiblioBoard
245 0 0 _a(In)Appropriate Online Behavior
_bA pragmatic analysis of message board relations /
_cJenny Arendholz.
020 _a9789027272379
024 8 _ahttps://doi.org/10.1075/pbns.229
029 1 _ahttps://library.biblioboard.com/ext/api/media/2b57c0e8-7f50-4047-977a-91d40af36ddd/assets/thumbnail.jpg
040 _aScCtBLL
_cScCtBLL
100 1 _aArendholz, Jenny
_eauthor.
264 1 _bJohn Benjamins Publishing Company,
300 _a1 online resource (1 p.)
506 0 _aAccess copy available to the general public.
_fUnrestricted
_2star
520 _aThis descriptive and comprehensive study on the discursive struggle over interpersonal relations in online message boards is located at the fascinating interface of pragmatics and computer-mediated discourse - a research area which has so far not attracted much scientific interest. It sets out to shed light on the question how interpersonal relations are established, managed and negotiated in online message boards by giving a valid overview of the entire panoply of interpersonal relations (and their interrelations), including both positively and negatively marked behavior. With the first part of the book providing an in-depth discussion and refinement of the pivotal theoretical positions of both fields of research, students as well as professionals are (re-)acquainted with the subject at hand. Thus supplying a framework for the ensuing case study, the empirical part displays the results of the analysis of 50 threads (ca. 300,000 words) of a popular British message board.
588 0 _aDescription based on print version record.
590 _aKU Select 2019: HSS Backlist Books
650 7 _aLanguage Arts & Disciplines / Linguistics / Pragmatics
_2bisacsh
650 0 _aLanguage arts
655 0 _aElectronic books.
758 _iIs found in:
_aKnowledge Unlatched
_1https://openresearchlibrary.org/module/2774bc74-146a-484f-a7ba-ab1d6a09bbfb
856 4 0 _uhttps://openresearchlibrary.org/content/2b57c0e8-7f50-4047-977a-91d40af36ddd
_zView this content on Open Research Library.
_70
999 _c33090
_d33090